El gran libro de Photoshop CC 2016 release (Registro nro. 11403)
[ vista simple ]
| 000 -CABECERA | |
|---|---|
| campo de control de longitud fija | 00884nam a22003257a 4500 |
| 005 - FECHA Y HORA DE ACTUALIZACIÓN | |
| campo de control | 20200812112214.0 |
| 008 - LONGITUD FIJA | |
| campo de control de longitud fija | 181203b xxu||||| |||| 00| 0 spa d |
| 020 ## - INTERNATIONAL STANDARD BOOK NUMBER | |
| Número Internacional Estándar del Libro | 9786076227138 |
| 041 ## - IDIOMA | |
| Código de idioma del texto/pista de sonido o título separado | |
| 082 ## - CLASIFICACIÓN DECIMAL DEWEY | |
| Número de clasificación | 006.693 M489g |
| 100 ## - AUTOR PERSONAL | |
| Nombre de persona | MEDIAactive |
| 245 ## - TÍTULO PROPIAMENTE DICHO | |
| Título | El gran libro de Photoshop CC 2016 release |
| 260 ## - PIE DE IMPRENTA | |
| Lugar de publicación, distribución, etc. | México |
| 260 ## - PIE DE IMPRENTA | |
| Nombre del editor, distribuidor, etc. | Alfaomega |
| 260 ## - PIE DE IMPRENTA | |
| Fecha de publicación, distribución, etc. | 2016 |
| 300 ## - DESCRIPCIÓN FÍSICA | |
| Extensión | 552 páginas |
| 650 ## - Materia General | |
| Materia general | GRÁFICOS POR COMPUTADORA |
| 650 ## - Materia General | |
| Materia general | GRÁFICOS TRIDIMENSIONALES |
| 650 ## - Materia General | |
| Materia general | PHOTOSHOP |
| 650 ## - Materia General | |
| Materia general | GESTIÓN DE IMÁGENES |
| 650 ## - Materia General | |
| Materia general | RETOQUES GLOBALES |
| 650 ## - Materia General | |
| Materia general | FOTOGRAFÍA |
| 650 ## - Materia General | |
| Materia general | AJUSTES DE LUZ |
| 650 ## - Materia General | |
| Materia general | DIBUJAR |
| 650 ## - Materia General | |
| Materia general | PINTAR |
| 650 ## - Materia General | |
| Materia general | ANIMACIÓN |
| 650 ## - Materia General | |
| Materia general | MÁSCARAS |
| 650 ## - Materia General | |
| Materia general | FILTROS |
| 942 ## - Punto de Acceso Adicional Koha | |
| Tipo de ítem Koha | Libro |
| Estado perdido | Estado dañado | No para préstamo | Biblioteca permanente | Biblioteca actual | Signatura completa | Código de barras | Tipo de ítem |
|---|---|---|---|---|---|---|---|
| Departamento de Biblioteca y Documentación Alfonso Chase Brenes | Departamento de Biblioteca y Documentación Alfonso Chase Brenes | 006.693 M489g | 23755 | Libro |